MARC

LEADER 00000nbm0a2200000 4500
001 348691
005 20231102010131.0
035 |a (RuTPU)RU\TPU\retro\484 
090 |a 348691 
100 |a 20180309d1968 k y0rusy50 ca 
101 0 |a rus 
102 |a RU 
105 |a y p 000zy 
200 1 |a Автомат для изготовления картонных решет  |e [опытно-конструкторская разработка]  |f В. И. Дегтярь [и др.] 
210 |a Томск  |c [Б. и.]  |d 1968 
215 |a 4 k/ 
334 |a Работа удостоена Областной премии в области науки и техники, 1967 г. 
606 1 |a Электроламповое производство  |2 stltpush  |3 (RuTPU)RU\TPU\subj\20110  |9 45249 
610 1 |a картонные ящики 
610 1 |a картонные решета 
610 1 |a изготовление 
610 1 |a автоматы 
610 1 |a электрические лампы 
610 1 |a упаковка 
610 1 |a опытно-конструкторские разработки 
675 |a 621.32.002  |v 4 
701 1 |a Дегтярь  |b В. И. 
701 1 |a Золотарев  |b П. В. 
701 1 |a Малышев  |b С. С. 
701 1 |a Яковлев  |b В. И. 
701 1 |a Яшин  |b С. А. 
801 1 |a RU  |b 63413507  |c 20180309 
801 2 |a RU  |b 63413507  |c 20180313  |g RCR 
942 |c BK